000 00768nam a2200229Ia 4500
005 20250508163743.0
008 008 250505s9999 xx 000 0 eng d
020 _a0-521-62213-1
037 _aReference
040 _aFEDL
_beng
_cFEDL
041 _aeng
_2eng
084 _a371.102, VAN
_qFEDL
100 _aVandenberghe Roland Ed.
_9776209
245 0 _aUnderstanding and preventing teacher burnout : Sourcebook of internationalresearch and practice
260 _aCambridge
_bCambridge University Press
_c1999
300 _ax,362p.
365 _aGBP
_b30
650 _aTeacher - Job stress; Burn out - Prevention; Teaching
_9776210
700 _a Huberman A. Michael Ed.
_9776211
942 _cREF
_h371.102, VAN
999 _c1385078
_d1385078